| 000 | 01029 a2200169 4500 | ||
|---|---|---|---|
| 003 | Nust | ||
| 005 | 20221116120152.0 | ||
| 040 | _cNust | ||
| 082 | _a512.81,COH | ||
| 100 |
_aCohn, Harvey _939243 |
||
| 245 |
_aA second course in number theory / _cHarvey Cohn |
||
| 260 |
_aNew York _bWiley _c1962 |
||
| 300 |
_a276 p.. _b illus _c 24 cm. |
||
| 505 | _aIntroductory Survey (Page-1), Part i. Background Material (Page-9), Characters(Page-22), Some Algebraic Concepts(Page-39), Basis Theorems (Page-54), Further Application of Basis Theorems (page-75), Part.ii Ideal Theory in Quadratic Fields , Unique Factorization and Units (Page-93), Unique Factorization into ideals (Page-113), Norms and Ideal Classes (Page-131), Class \Structure in Quadratic Fields (Page-142), Part iii: Application of Ideal Theory , Class number Formulas and Primes In Arithmetic Progression (Page-159), Quadratic Forms and Ideals (Page-195), Composition Orders and Genera (Page-212). | ||
| 650 |
_aNumber theory. _93455 |
||
| 942 |
_2ddc _cBK _k512.81,COH |
||
| 999 |
_c190835 _d190835 |
||